Theory of convex-concave and plane cylindrical gearing

Bibliographic Details
Main Authors: Vereš, Miroslav, 1947- (Author), Bošanský, Miroslav, 1953- (Author), Gaduš, Ján, 1953- (Author)
Format: Book
Language:English
PhysicalDescription:180 s. fotogr., grafy, sch., tab. 25 cm
Published: In Bratislava Slovak University of Technology 2006
ISBN:8022724513
Edition:1st ed.
Series:Edícia monografií
Subjects:

MARC

LEADER 00000nam a2200000 a 4500
001 vtls008879227
003 SK-MaSNL
005 20260301225354.0
008 240314s2006 xo odl f p 000 0 eng
015 |a SNBA2007/01-00063 
020 |a 8022724513  |q (brož.)  |c 162.00 SK 
035 |a 9DEDCA3F-C80B-488F-8B3B-A6B521D0BD04 
035 |a urn:nbn:sk:snk-aml6y0 
035 |a urn:nbn:sk:snk-am008u4x 
040 |a SNK  |b slo  |c SNK  |e AACR2 
041 0 |a eng 
044 |a xo  |c SK 
072 7 |a 621  |x Strojárstvo  |2 konspekt 
080 |a 621.833  |2 2001 
080 |a (075.8)  |2 2001 
100 1 |a Vereš, Miroslav,  |d 1947-  |4 aut  |9 97665 
245 1 0 |a Theory of convex-concave and plane cylindrical gearing  |c Miroslav Vereš, Miroslav Bošanský, Ján Gaduš 
250 |a 1st ed. 
260 |a In Bratislava  |b Slovak University of Technology  |c 2006 
300 |a 180 s.  |b fotogr., grafy, sch., tab.  |c 25 cm 
366 |e 200 výtl. 
490 1 |a Edícia monografií 
650 0 7 |a ozubené kolesá  |2 SNKPH  |9 50961 
650 0 7 |a rovinné cylindrické ozubenie  |2 SNKPH  |9 618859 
655 7 |a učebnice vysokých škôl  |2 SNKPH  |9 70191 
700 1 |a Bošanský, Miroslav,  |d 1953-  |4 aut  |9 97666 
700 1 |a Gaduš, Ján,  |d 1953-  |4 aut  |9 90721 
752 |a Slovensko  |d Bratislava 
810 2 |a Slovenská technická univerzita v Bratislave.  |b Strojnícka fakulta  |t Edícia monografií  |9 206761 
919 |a 80-227-2451-3 
999 |c 950644  |d 952574 
952 |a SNK  |b SNK  |y PREZ  |7 0  |p 17A0529370  |o snkSC 125735  |i snk2006/24262  |8 0  |0 0  |1 0  |4 0  |d 2006-11-20  |f 1  |l 0  |r 2025-06-11 00:00:00  |w 2026-02-24 
952 |a SNK  |b SNK  |y VYP  |7 0  |p 17A0529369  |o snkSC 125735 D1  |i snk2006/24264  |8 0  |0 0  |1 0  |4 0  |d 2006-11-20  |l 0  |r 2026-02-24 09:47:09  |w 2026-02-24